Ethical dilemmas in qualitative research /

Bibliographic Details
Other Authors: Welland, Trevor, Pugsley, Lesley
Format: Book
Language:English
Published: Aldershot, England ; Burlington, VT : Ashgate, [2002]
Series:Cardiff papers in qualitative research.
Subjects:

MARC

Tag First Indicator Second Indicator Subfields
LEADER 00000cam a2200000 a 4500
001 in00002037372
005 20151101050517.0
008 011219s2002 enka 000 0 eng
010 |a  2001099647 
020 |a 075461350X 
035 |a (OCoLC)ocm49239837 
040 |a UKM  |c UKM  |d DLC  |d TXA  |d UtOrBLW 
042 |a lccopycat 
049 |a TXAM 
050 0 0 |a H61  |b .E74 2002 
082 0 0 |a 174/.930072  |2 21 
245 0 0 |a Ethical dilemmas in qualitative research /  |c edited by Trevor Welland, Lesley Pugsley. 
264 1 |a Aldershot, England ;  |a Burlington, VT :  |b Ashgate,  |c [2002] 
264 4 |c ©2002 
300 |a x, 170 pages :  |b illustrations ;  |c 23 cm. 
336 |a text  |b txt  |2 rdacontent 
337 |a unmediated  |b n  |2 rdamedia 
338 |a volume  |b nc  |2 rdacarrier 
490 1 |a Cardiff papers in qualitative research 
504 |a Includes bibliographical references. 
650 0 |a Qualitative research  |x Moral and ethical aspects. 
650 0 |a Social sciences  |x Methodology. 
650 0 |a Social sciences  |x Research. 
650 0 |a Action research. 
700 1 |a Welland, Trevor. 
700 1 |a Pugsley, Lesley. 
830 0 |a Cardiff papers in qualitative research. 
948 |a cataloged  |b h  |c 2005/6/28  |d c  |e dmitchel  |f 3:20:10 pm 
994 |a C0  |b TXA 
999 |a MARS 
999 f f |s f541befc-a870-3272-8889-bf262eb56dd1  |i 8360c45e-5b8c-30f3-b08e-5b64444aab5b  |t 0 
952 f f |p ric  |a Texas A&M University  |b Rellis Campus  |c Joint Library Facility  |d Remote Storage  |t 0  |e H61 .E74 2002  |h Library of Congress classification  |i unmediated -- volume  |m A14833137184 
998 f f |a H61 .E74 2002  |t 0  |l Remote Storage